STN EN 303-1/A1: 2004 (07 0251) [neplatná], Vykurovacie kotly Časť 1 Vykurovacie kotly s tlakovými horákmi. Názvoslovie, všeobecné požiadavky, skúšanie a označovanie. Zmena A1
Zmena A1 je slovenskou verziou EN 303-1: 1999/A1: 2003
| Other Authors: | |
|---|---|
| Format: | Book |
| Language: | Slovak English |
| PhysicalDescription: | 8 s. tab. |
| Published: |
Bratislava
Slovenský ústav technickej normalizácie
2004
|
| Subjects: |
MARC
| LEADER | 00000cam a22000001a 4500 | ||
|---|---|---|---|
| 001 | vtls009931385 | ||
| 003 | SK-MaSNL | ||
| 005 | 20260301083045.0 | ||
| 008 | 090727s2004 xo a f u 000 0 slo | ||
| 020 | |c 12,40 Sk; PV | ||
| 035 | |a (SVKBBclas03)vtls000204883 | ||
| 040 | |a SNK |b slo |c SNK |e AACR2 | ||
| 041 | 1 | |a slo |h eng | |
| 044 | |a xo |c SK | ||
| 046 | |a m |m 20040301 (účin.) |n 20180301 (zruš.) | ||
| 084 | |a 91.140.10 |2 ICS | ||
| 084 | |a 01.040.91 |2 ICS | ||
| 130 | 0 | |a STN 07 0251 [neplatná] |9 409268 | |
| 245 | 1 | 0 | |a STN EN 303-1/A1: 2004 (07 0251) [neplatná], Vykurovacie kotly |n Časť 1 |p Vykurovacie kotly s tlakovými horákmi. Názvoslovie, všeobecné požiadavky, skúšanie a označovanie. Zmena A1 |
| 246 | 1 | 0 | |a Vykurovacie kotly |
| 246 | 1 | 0 | |a Vykurovacie kotly s tlakovými horákmi |
| 246 | 1 | 0 | |a Názvoslovie, všeobecné požiadavky, skúšanie a označovanie |
| 260 | |a Bratislava |b Slovenský ústav technickej normalizácie |c 2004 | ||
| 300 | |a 8 s. |b tab. | ||
| 500 | |a Spracovateľ: Ladislav Brodňan | ||
| 500 | |a Norma je spolu s normou STN EN 15034 z marca 2007 nahradená anglickou verziou normy STN EN 303-1 z marca 2018, ktorú nahradila slovenská verzia normy STN EN 303-1 zo septembra 2018 v celom rozsahu | ||
| 520 | 8 | |a Zmena A1 je slovenskou verziou EN 303-1: 1999/A1: 2003 | |
| 540 | |a STN vydané na akomkoľvek nosiči sa môžu rozmnožovať a rozširovať iba so súhlasom určenej právnickej osoby |b SÚTN Bratislava |c zákon 264/1999 Z. z. | ||
| 650 | 0 | 7 | |a technické normy a štandardy |z Slovensko |2 SNKPH |9 79594 |
| 650 | 0 | 7 | |a technické normy a štandardy |z krajiny Európskej únie |2 SNKPH |9 289341 |
| 655 | 7 | |a normy |2 SNKPH |9 70643 | |
| 700 | 1 | |a Brodňan, Ladislav |4 trl |9 279836 | |
| 774 | 1 | 8 | |t STN EN 303-1: 2000 |d Bratislava : Slovenský ústav technickej normalizácie, 2000 |w vtls009731174 |
| 958 | |a OP | ||
| 991 | |g DL 12000494 |h 28.5.2004 | ||
| 999 | |c 659652 |d 661582 | ||
| 952 | |t P60, <03>, [BOOK], {603} |a SNK |b SNK |y PREZ |7 0 |p 17A0415252 |o snkSTN EN 303-1/A1 |i snkN 753/2004 |0 0 |1 0 |4 0 |d 2004-03-02 |l 0 |r 2005-01-02 00:00:00 |w 2026-02-23 | ||
| 952 | |t P66, <07>, [BOOK], {667} |a SNK |b SNK |y PREZ |7 0 |p 17A0415253 |o snkSTN EN 303-1/A1 D1 |i snkN 754/2004 |0 0 |1 0 |4 0 |d 2004-03-02 |l 0 |r 2005-01-02 00:00:00 |w 2026-02-23 | ||


